Endonyms vs Exonyms--Europe - Statistics

General Stats
  • This quiz has been taken 13 times
  • The average score is 47 of 49
Answer Stats
Endonym English Exonym % Correct
Andorra Andorra
100%
Österreich Austria
100%
Azərbaycan Azerbaijan
100%
Bielaruś Belarus
100%
België/ Belgique/ Belgien Belgium
100%
Bosna i Hercegovina Bosnia and Herzegovina
100%
Bŭlgariya Bulgaria
100%
Kýpros/ Kibris Cyprus
100%
Danmark Denmark
100%
Suomi Finland
100%
La France France
100%
Deutschland Germany
100%
Magyarország Hungary
100%
Ísland Iceland
100%
Italia Italy
100%
Kosova Kosovo
100%
Latvija Latvia
100%
Liechtenstein Liechtenstein
100%
Lietuva Lithuania
100%
Moldova Moldova
100%
Severna Makedonija North Macedonia
100%
Polska Poland
100%
Portugal Portugal
100%
România Romania
100%
Rossiya Russia
100%
San Marino San Marino
100%
Srbija Serbia
100%
Slovensko Slovakia
100%
Slovenija Slovenia
100%
España Spain
100%
Schweiz/ Suisse/ Svizzera/ Svizra Switzerland
100%
Nederland The Netherlands
100%
Türkiye Turkey
100%
Ukraïna Ukraine
100%
United Kingdom United Kingdom
100%
Città del Vaticano Vatican City
100%
Česko Czechia
92%
Eesti Estonia
92%
Elláda Greece
92%
Lëtzebuerg Luxembourg
92%
Malta Malta
92%
Crna Gora Montenegro
92%
Shqipëria Albania
85%
Éire Ireland
85%
Sverige Sweden
85%
Hayastan Armenia
77%
Hrvatska Croatia
77%
Sakartvelo Georgia
77%
Mùnegu Monaco
77%
No matching quizzes found
Score Distribution
Percent of People with Each Score
Percentile by Number Answered
Your Score History
You have not taken this quiz